| 000 | 00341nam a2200121Ia 4500 | ||
|---|---|---|---|
| 008 | 210430s9999 xx 000 0 und d | ||
| 082 | _a342.45D5451 I | ||
| 100 | _aA. V. Dicey | ||
| 245 | 3 |
_aAn Introduction to the study of the Law of constitution _cA. V. Dicey |
|
| 260 |
_aIslamabad _bQazi sons _c1959 |
||
| 300 | _a535p | ||
| 942 |
_cBK _2ddc |
||
| 999 |
_c562222 _d562222 |
||